| 000 | 01172nam a2200313 a 4500 | ||
|---|---|---|---|
| 001 | 000114744 | ||
| 003 | CHAP | ||
| 005 | 20220329144455.0 | ||
| 008 | 180404s2018 mx |sm |||||||spa d | ||
| 010 | _a111205 | ||
| 011 | _a112177 | ||
| 040 | _cCHAP | ||
| 090 | _aTesis | ||
| 100 | 1 |
_aMijangos Pacheco, Maricela Concepción _9135025 |
|
| 245 | 1 | 3 |
_aLa ciudadanía y las mujeres del Arrogante de Justo Benítez, Oaxaca _h[En línea] _cpor Maricela Concepción Mijangos Pacheco. |
| 260 |
_aChapingo, Méx. : _bEl autor, _c2018. |
||
| 500 | _aPara ver el contenido del material haga clic en la liga | ||
| 502 | _aTesis (Maestra en Gestión del Desarrollo Rural) -- UACH. Dirección de Centros regionales Universitarios | ||
| 590 |
_aE11695DGD _b10 _c20180406 _lUCH01 _h1003 |
||
| 590 |
_aE6337LMJ _b05 _c20180404 _lUCH01 _h1350 |
||
| 590 |
_aE6337LMJ _b05 _c20180404 _lUCH01 _h1351 |
||
| 650 | 1 | 4 |
_aMujer _xDiscriminación. _979320 |
| 650 | 1 | 4 |
_aMujeres _xCondiciones sociales. _979401 |
| 650 | 1 | 4 |
_aMujeres _xDesarrollo económico. _9131908 |
| 856 |
_aFinding aid _uhttp://10.13.5.2/tesis/sist114744.pdf _zTeclea aquí |
||
| 901 | _aBK | ||
| 942 | _cTESIS | ||
| 942 | _n0 | ||
| 999 |
_c111205 _d111205 |
||